Ceràmica medieval catalana. El monument, document / direcció: Antoni González Moreno-Navarro ; coordinació: Raquel Lacuesta ; autors: J. Amigó Barbeta ... [et al.] Antoni González Moreno-Navarro ; coordinació:
ISBN:
84-7794-510-1
Descripción Física:
367 p. : il. ; 21 x 30 cm
Colección:
Quaderns científics i tècnics ; 9
MARC
| LEADER | 00000nam a2200000Ia 4500 | ||
|---|---|---|---|
| 001 | 11739 | ||
| 008 | 160829s1997 xx 000 0 cat d | ||
| 020 | |a 84-7794-510-1 | ||
| 080 | |a FOL-1-160 | ||
| 245 | |a Ceràmica medieval catalana. El monument, document / direcció: |b Antoni González Moreno-Navarro ; coordinació: |b Raquel Lacuesta ; autors: |b J. Amigó Barbeta ... [et al.] | ||
| 260 | |a Barcelona : |b Diputació de Barcelona, Servei del Patrimoni Arquitectònic Local, |c 1997 | ||
| 300 | |a 367 p. : |b il. ; |c 21 x 30 cm | ||
| 490 | |a Quaderns científics i tècnics ; 9 | ||
| 590 | |a Ceràmica medieval catalana : actes de la taula rodona celebrada a Barcelona els dies 15 i 16 de novembre de 1994. | ||
| 590 | |a El monument, document : sessió científica celebrada a Barcelona el 21 de març de 1996. | ||
| 590 | |a Bibliografia | ||
| 650 | |a Ceràmica medieval |x Catalunya |9 30637 | ||
| 650 | |a Monuments |x Conservació i restauració |9 23341 | ||
| 700 | 1 | |a González, Antoni |9 26377 | |
| 700 | |a Lacuesta, Raquel, |d 1949- |e coordinador |9 24935 | ||
| 700 | |a Amigó Barbeta, Jordi |9 26422 | ||
| 710 | |a Barcelona (Catalunya : Província). |b Servei de Patrimoni Arquitectònic Local |9 19202 | ||
| 901 | |a Arxiu | ||
| 942 | |n 1 |2 udc | ||
| 952 | |0 0 |1 0 |4 0 |6 FOL1160 |7 1 |9 45468 |a Arxiu |b Arxiu |d 2016-12-01 |l 0 |o FOL-1-160 |p 11739 |r 2016-12-01 00:00:00 |w 2016-12-01 |y ARXIU | ||
| 999 | |c 48633 |d 48633 | ||